000 03464nam a2200337 a 4500
003 OSt
005 20251003105517.0
007 cr ||||||a|a|a
008 250908s2025 mx a|||fom||| 001 0 spa d
040 _erda
100 1 _aGutiérrez Dealmonte, Estefania
_9191024
245 1 0 _aEfecto del tipo de cama en parámetro productivos de pavos de engorda (Meleagris gallopavo Linn ) Linea Nicholson 700 /
_cpor Estefania Gutierrez Dealmonte; director de tesis Elvia López Pérez; secretario Jorge Antonio Gónzalez Santos; vocal Baldomero Alarcón Zuñiga; suplente Sergio Raúl Velázquez Rodríguez; suplente Agustín Ruiz Flores
264 1 _aChapingo, México :
_bEl autor,
_c2025.
300 _a1 recurso en línea ( páginas):
_bcuadros, figuras.
336 _2rdacontent
_atexto
_btxt
337 _2rdamedia
_acomputadora
_bc
338 _2rdacarrier
_arecurso en línea
_bcr
502 _bIAEZ
_cZootecnía
_d2025.
_gLIC
504 _aIncluye referencias bibliográficas: páginas 56-61.
520 _aEn el estudio se evaluó el efecto del tipo de cama en parámetros productivos en pavas de engorda de la línea Nicholson 700. El trabajo se realizó en el módulo de aves de la granja experimental del Departamento de Zootecnia de la Universidad Autónoma Chapingo, ubicada en el municipio de Texcoco, Estado de México. Para ello se utilizaron 30 pavitas de la línea Nicholson 700, de 7 a 14 semanas de edad. A su llegada las pavas se dividieron en dos grupos de 15 cada uno, posteriormente se pesaron y se les colocó una pulsera en la pata con un número para identificarlas, por lo que cada pava correspondió a una repetición y cada una de éstas a una unidad experimental. Cada grupo de animales fue sometido a uno de dos tratamientos, el tratamiento 1 (T1) consistió en colocar viruta de madera como cama (CAV) y el Tratamiento 2 (T2) consistió en colocar una cama de estiércol de borrego (CAEB), en ambos tratamientos se utilizó alimento comercial especial para pavos de la empresa Tepexpan. Se midió la ganancia de peso semanal y el rendimiento de la canal. Los datos se analizaron mediante el programa estadístico SAS (2020) a través de un ANOVA. El peso promedio inicial, a la 7ma semana de edad fue de 3.57 kg y a la semana 14 fue de 8.39 kg para las pavas con cama de viruta, con un error estándar de 0.165 y 8.49 kg para pavas con cama de estiércol de borrego con un error estándar de 0.286, donde (p>0.05), mostrando que no hay diferencias significativas entre tratamientos. La mortalidad total acumulada fue del 3.3% (la muerte se registró en el tratamiento CAEB, pero no se le puede atribuir al tratamiento) y el rendimiento a la canal de 81.06% del peso vivo en viruta y 81.15% del peso vivo en estiércol de borrego. Con base en lo anterior, se concluye que el estiércol seco de borrego puede funcionar como material de cama para pavas.
650 4 _aPavos
_xManejo
_9140876
650 4 _aPavos
_xEngorda
_986306
650 4 _aPavos
_xPeso
_986309
700 1 _aLópez Pérez, Elvia
_968223
_edirector.
700 1 _aGonzález Santos, Jorge Antonio
_9191168
_esecretario.
700 1 _aAlarcón Zúñiga, Baldomero
_93378
_evocal.
700 1 _aVelázquez Rodríguez, Sergio Raúl
_9118620
_esuplente.
700 1 _aRuiz Flores, Agustín
_9100671
_esuplente.
856 _zDESCARGAR PDF
_uhttp://10.13.5.2/tesis/tl/1910958-9_GUTIERREZ_DEALMONTE_ESTEFANIA.pdf
942 _2Clasificación Universidad Autónoma Chapingo
_cTD
999 _c220894
_d220894